000 01463cam a2200433Ia 4500
001 90765
005 20230411090049.0
008 971215s1996 mx a b 000 0 spa d
035 _a(OCoLC)ocm38087324
040 _aDQ$
_cDQ$
_dPL#
_dOCLCQ
_dNRM
019 _a51326548
020 _a9688806757
020 _a9789688806753
035 _a(OCoLC)38087324
_z(OCoLC)51326548
090 _aHA29
_bL4818 1996
092 _a519.5
049 _aGRAL
100 1 _aLevin, Richard I.
245 1 0 _aEstadística para administradores /
_cRichard I. Levin, David S. Rubin ; tr. Angel Homero Flores Samaniego.
250 _a3a. ed.
260 _aMéxico :
_bPrentice-Hall Hispanoamericana,
_c1996.
300 _a1018 p. :
_bill. ;
_c26 cm.
500 _aTít. orig. : Statistics for management, 6a. ed.
504 _aBibliografía e índice analítico.
650 4 _aCiencias sociales
_xMétodos estadâisticos.
650 4 _aEstadísticas comerciales.
650 4 _aAdministración
_xMétodos estadísticos.
653 _aCiencias sociales
_aMétodos estadísticos.
653 _aEstadísticas comerciales.
650 0 _aSocial sciences
_xStatistical methods.
650 0 _aCommercial statistics.
650 0 _aManagement
_xStatistical methods.
700 1 _aRubin, David, S.
700 1 _aFlores Samaniego, Angel Homero,
_etr.
938 _aPuvill Libros
_bPUVL
_n9688806757
_c$41.07
942 _2lcc
_cbk
994 _aC0
_bDRFGD
946 _aweb
999 _c111832
_d111832